| 000 | 00572nam a2200241Ia 4500 | ||
|---|---|---|---|
| 008 | 190123s9999 xx 000 0 und d | ||
| 020 | _a9780590930031 | ||
| 050 | _bS528 1998 | ||
| 100 | _aShannon, David | ||
| 245 | 0 | _aNo, David! / | |
| 245 | 0 | _cby David Shannon. | |
| 260 | _aNew York, New York : | ||
| 260 | _bScholastic, | ||
| 260 | _c1998 | ||
| 300 | _aunpaged : | ||
| 300 | _bcolored illustrations ; | ||
| 300 | _c27cm. | ||
| 500 | _a100L | ||
| 650 | _aChildren -- | ||
| 650 | _aConduct of life. | ||
| 650 | _xConduct of life. | ||
| 700 | _aTitle. | ||
| 999 |
_c361042 _d361042 |
||